000 00983nam0a22002891 4500
001 v19\rc\1708827
005 20250619033131.0
035 _a(NLR Aleph) 004809125
090 _a4909677
_c4909677
100 _a20061002d1899 |||y0rusy50 ca
101 1 _arus
_cfre
102 _aRU
105 _ay z |||||
200 1 _aТюремный мир
_e(Типы и характеристики)
_e[Les habitués des prisons de Paris]
_f[Соч.] Д-ра Эмиля Лорана
_g(Пер. с фр. [и предисл.] С. Шклявера)
205 _a2-е изд.
210 _aСанкт-Петербург
_cЯ. Канторович
_d1899
215 _aXII, 370 с.
_d20
700 1 _aЛоран
_bЭ.
_f1861-1904
_gЭмиль
702 1 _aШклявер
_bС.
_4730
_4080
801 0 _aRU
_bNLR
_gpsbo
801 0 _aRU
_bRuMoRGB
_2psbo
801 1 _aRU
_bProSoft-M
_2rusmarc
852 _aNLR
_j20.53.5.10
899 _aБАН
899 _aRuMoRGB
_jF 87/117
942 _cBOOK
980 _aNB